Die Kinderklinik an der Pommerschen Universität Greifswald

Titel: Die Kinderklinik an der Pommerschen Universität Greifswald : zur Geschichte der Kinderklinik der Ernst-Moritz-Arndt-Universität Greifswald : von der Hunnenstraße über die Soldmannstraße zur Sauerbruchstraße / Hans Reddemann
Verfasser:
Veröffentlicht: Greifswald : Eigenverlag, 2016
Umfang: 372 Seiten : Illustrationen
Format: Buch
Sprache: Deutsch
Schlagworte:
ISBN: 978300050399
Kein Bild verfügbar
X
alg: 44994970
001A    $03025:17-06-19 
001B    $01999:17-06-19 $t22:57:10.000 
001D    $03025:17-06-19 
001U    $0utf8 
001X    $00 
002@    $0Aau 
002C    $aText $btxt $2rdacontent 
002D    $aohne Hilfsmittel zu benutzen $bn $2rdamedia 
002E    $aBand $bnc $2rdacarrier 
003@    $0449949702 
004D    $0978-3-00-05039-9 
007A    $0449949702 $aHEB 
010@    $ager 
010E    $erda 
011@    $a2016 
013D    $RSchulbuch $74153488-8 $8Fachkunde [Ts1] $9085644463 
021A    $aDie @Kinderklinik an der Pommerschen Universität Greifswald $dzur Geschichte der Kinderklinik der Ernst-Moritz-Arndt-Universität Greifswald : von der Hunnenstraße über die Soldmannstraße zur Sauerbruchstraße $hHans Reddemann 
028A    $BVerfasser $#Reddemann, Hans Wilhelm $4aut $7128355875 $8Reddemann, Hans$Z1934- [Tp3] $9158874196 
033A    $pGreifswald $nEigenverlag 
034D    $a372 Seiten 
034M    $aIllustrationen 
037A    $aLiteraturverzeichnis Seite 329-343 
039U    $aRezensiert in $8--Aou--Manzke, Hermann$Z1933- [Tp1]. [Hans Reddemann: Die Kinderklinik an der Pommerschen Universität Greifswald], 2018 [2019] $944995000X 
044K    $#Greifswald $#Gryphisvaldia $#Universitäts- und Hansestadt Greifswald $#Hansestadt Greifswald $#Gryphiswaldiae $#Greifsvaldas $#Gryfia $#Gryphia $74021965-3 $8Greifswald [Tg1] $9085053651 
044K    $RPreußische Universität zu Greifswald $RUniversität Greifswald $#EMAU $#Arndt-Universität $#Preußische Ernst-Moritz-Arndt-Universität $#Ernst Moritz Arndt University $#Universität Greifswald Ernst-Moritz-Arndt-Universität Greifswald $#Univ. Greifswald $#Université de Greifswald $#University of Greifswald $#Uniwersytet w Greifswaldzie $#EMAUG $#Ernst-Moritz-Arndt-Universität $736158-6 $8Ernst-Moritz-Arndt-Universität Greifswald [Tb1] $9040365921 
044K    $RMedizin $RKinderkrankheit $#Pediatrics $#Pédiatrie $#Pediatría $#Pediatrics $#Pädiatrie $#Kinder- und Jugendheilkunde $#Kinder- und Jugendmedizin $#Kindermedizin $#Pediatrics $74030594-6 $8Kinderheilkunde [Ts1] $9085081027 
044K    $RMedizinische Einrichtung $RHospital $#Hospitals $#Hôpitaux $#Hospitales $#Krankenhaus $#Krankenhaus $#Klinik $#Klinikum $#Krankenanstalt $#Krankenhauswesen $#Spital Krankenhaus $74032786-3 $8Krankenhaus [Ts1] $9085087467 
045F    $a610.943816 $eDDC23BSB 
045F/01 $a610.9 
045F/03 $g43816 
045R    $aSozialgeschichte 1865-2018 

lok: 44994970 78

exp: 44994970 78 1 #EPN
201B/01 $017-06-19 $t13:09:15.000 
201C/01 $017-06-19 
201U/01 $0utf8 
203@/01 $01053561547 
208@/01 $a17-06-19 $be 
209A/01 $a/ $f000 $x00 
209A/01 $ab*p $x01 
220C/01 $akoe 
247C/01 $82080>Marburg/Lahn, Herder-Institut, Forschungsbibliothek, Bibliographieportal $9336309341
LEADER 00000cam a2200000 c 4500
001 449949702
003 DE-603
005 20190617225710.0
007 tu
008 190617s2016 xx |||| | u00||u|ger c
020 |z 978300050399 
035 |a (DE-599)HEB449949702 
040 |a DE-603  |b ger  |c DE-603  |d DE-603  |e rda 
041 |a ger 
082 0 4 |8 1\u  |a 610.943816  |q DE-101  |2 23/BSB 
085 |8 1\u  |b 610.9 
085 |8 1\u  |z 2  |s 43816 
100 1 |a Reddemann, Hans  |d 1934-  |e Verfasser  |4 aut  |0 (DE-603)158874196  |0 (DE-588)128355875  |2 gnd 
245 0 0 |a ˜Dieœ Kinderklinik an der Pommerschen Universität Greifswald  |b zur Geschichte der Kinderklinik der Ernst-Moritz-Arndt-Universität Greifswald : von der Hunnenstraße über die Soldmannstraße zur Sauerbruchstraße  |c Hans Reddemann 
264 1 |a Greifswald  |b Eigenverlag  |c 2016 
300 |a 372 Seiten  |b Illustrationen 
336 |a Text  |b txt  |2 rdacontent 
337 |a ohne Hilfsmittel zu benutzen  |b n  |2 rdamedia 
338 |a Band  |b nc  |2 rdacarrier 
500 |a Literaturverzeichnis Seite 329-343 
610 1 7 |a Ernst-Moritz-Arndt-Universität Greifswald  |2 gnd  |0 (DE-588)36158-6  |0 (DE-603)040365921 
648 7 |a Sozialgeschichte 1865-2018  |2 gnd 
650 7 |a Kinderheilkunde  |0 (DE-588)4030594-6  |0 (DE-603)085081027  |2 gnd 
650 7 |a Krankenhaus  |0 (DE-588)4032786-3  |0 (DE-603)085087467  |2 gnd 
651 7 |a Greifswald  |0 (DE-588)4021965-3  |0 (DE-603)085053651  |2 gnd 
655 7 |a Fachkunde  |2 gnd-content  |0 (DE-588)4153488-8  |0 (DE-603)085644463 
787 0 8 |i Rezensiert in  |a Manzke, Hermann, 1933-  |t [Hans Reddemann: Die Kinderklinik an der Pommerschen Universität Greifswald]  |w (DE-603)44995000X 
924 0 |9 2080  |a (DE-603)1053561547  |b DE-2080  |c HES  |d d  |g /